Seminario taller: (Registro nro. 94)

Detalles MARC
000 -CABECERA
Campo de control 01115nam a2200253 a 4500
005 - FECHA Y HORA DE LA ULTIMA TRANSACCION
Campo de control 20200104041506.0
008 - ELEMENTOS DE LONGITUD FIJA—INFORMACION GENERAL
Campo de control 140114b1994 ck fr|||| 00| 0 spa d
040 ## - FUENTE DE CATALOGACIÓN
Agencia catalogadora original CO-BoIAVH
Agencia transcriptora CO-BoIAVH
041 0# - IDIOMA
Código de idioma para texto/pista de sonido o título separado Español
044 ## - PAÍS DE PUBLICACIÓN
País de publicación Colombia
082 04 - NUMERO DE CLASIFICACION DECIMAL DEWEY
Número de clasificación 658.4095
Número del ítem S47s
111 2# - ASIENTO PRINCIPAL--NOMBRE DE REUNION
Nombre de reunión o de jurisdicción como elemento de entrada Seminario Taller Comunicación e Información para la Gestión Ambiental
Lugar de la reunión Rionegro, Antioquia
Fecha de la reunión 1993
9 (RLIN) 48346
245 ## - MENCION DE TITULO
Título Seminario taller:
Parte restante del título Comunicación e información para la gestión ambiental /
Mención de responsabilidad Conovocantes: Departamento Nacional de Planeación, Coorporación Autónoma Regional Rionegro-Nare, Corporación Autónoma Regional del Valle del Cauca, CORPES de Occidente
260 ## - PUBLICACION, DISTRIBUCION, ETC. (PIE DE IMPRENTA)
Lugar de publicación, distribución, etc. Medellín :
Nombre del editor, distribuidor, etc. CORNARE ,
Fecha de publicación, distribución, etc. 1994.
300 ## - DESCRIPCION FISICA
Extensión 69 páginas ;
Dimensiones 28 x 21 cm.
650 #6 - ASIENTO SECUNDARIO DE MATERIA - TERMINO TEMATICO
Término temático o nombre geográfico como elemento de entrada Gestión ambiental
9 (RLIN) 48347
650 #6 - ASIENTO SECUNDARIO DE MATERIA - TERMINO TEMATICO
Término temático o nombre geográfico como elemento de entrada Educación ambiental
9 (RLIN) 162
650 #6 - ASIENTO SECUNDARIO DE MATERIA - TERMINO TEMATICO
Término temático o nombre geográfico como elemento de entrada Corporación Autónoma Regional
9 (RLIN) 3798
650 #6 - ASIENTO SECUNDARIO DE MATERIA - TERMINO TEMATICO
Término temático o nombre geográfico como elemento de entrada Organizaciones no gubernamentales
9 (RLIN) 6716
650 #4 - ASIENTO SECUNDARIO DE MATERIA - TERMINO TEMATICO
Término temático o nombre geográfico como elemento de entrada Organizaciones no gubernamentales
Subdivisión general Gestión ambiental
9 (RLIN) 48350
662 ## - ASIENTO SECUNDARIO DE MATERIA - JERARQUIA DEL NOMBRE DE LUGAR(
País o entidad mayor Colombia
700 1# - ASIENTO SECUNDARIO - NOMBRE PERSONAL
Nombre personal Gómez Yepes, Luis Humberto
Término de relación Coordinación editorial
9 (RLIN) 3796
942 ## - ELEMENTOS ADICIONALES (KOHA)
Tipo de ítem Libro
Sistema de clasificación Dewey Decimal Classification
Existencias
Withdrawn status Lost status Sistema de Clasificación Damaged status No para préstamo Colección Inventariado Ubicación Permanente Ubicación actual Fecha de adquisición Fuente de Valor Valor Total Checkouts Número topográfico Inventario / Código de Barras Date last seen Ejemplar Price effective from Forma de adquisición Tipo de material
    Dewey Decimal Classification     General Inventariado 2017 Bogotá Bogotá 19/12/1997 Instituto 39000.00   LB-658.4095 S47s 000119 04/12/2012 Ej. 1 04/12/2012   Libro
    Dewey Decimal Classification     General Inventariado 2017 Sala Fabio Quevedo Sala Fabio Quevedo 19/12/1997 Instituto 39000.00   LB-658.4095 S47s 000120 04/12/2012 Ej. 2 04/12/2012 Donación Libro